000
00289nam a2200121Ia 4500
005
20251222154310.0
008
251222s9999||||xx |||||||||||||| ||spa||
020
_a
84-206-0406-2
082
_a
828.9/D98
100
_a
"Durrell, Gerald Malcolm"
245
0
_a
Arca sobrecargada
942
_c
LIB
999
_c
33373
_d
33373